[Event "Eastern Asia-ch U16 Girls"]
[Site "Tornelo INT"]
[Date "2021.10.22"]
[Round "1"]
[White "Ngo, Xuan Quynh"]
[Black "Burbach, Anya Belle"]
[Result "1-0"]
[WhiteElo "1581"]
[BlackElo "1214"]
[PlyCount "37"]
[EventDate "2021.10.22"]
[EventType "swiss"]
[EventRounds "9"]
[EventCountry "NET"]
[SourceTitle "EXT 2023"]
[Source "ChessBase"]
[SourceDate "2022.10.05"]
[SourceVersion "1"]
[SourceVersionDate "2022.10.05"]
[SourceQuality "1"]

1. e4 e5 2. Nf3 Nf6 3. Nc3 Bb4 4. d3 Nc6 5. Be2 d5 6. exd5 Nxd5 7. Bd2 Bxc3 8. Bxc3 Nxc3 9. bxc3 0-0 10. 0-0 Re8 11. Rb1 b6 12. Nd2 Bb7 13. Bf3 Qf6 14. Ne4 Qg6 15. Bh5 Qe6 16. Ng5 Qe7 17. Bxf7+ Kh8 18. Qh5 h6 19. h4 1-0